000 00845nam a2200253 a 4500
001 1013
003 BR-CuiBMT
005 20231125213754.0
008 231125s2020 spba 000 0 por d
020 _a9786589434016
040 _aBR-CuiBMT
_cBR-CuiBMT
080 _22007
_a35.078
090 _a35.078
_bE74
245 0 0 _aEscolas de governo :
_bformação e capacitação de agentes públicos /
_cFernando de Souza Coelho, [organizadores ... et al.]
260 _aSão Paulo :
_bOficina Municipal,
_bFundação Konrad Adenauer,
_c2020.
300 _a358 p. :
_bil. ;
_c23 cm
504 _aInclui bibliografia.
650 _aAgentes públicos municipais
650 _aServidores públicos
700 1 _aCarneiro, José Mário Brasiliense
_4org.
700 1 _aBrito, Eder dos Santos
_4org.
700 1 _aCheib, Arthur
_4org.
942 _2udc
_cLV
999 _c1013
_d1013